Diez aňos de crisis de la deuda latinoamericana

V priebehu rokov zadlženie krajín utrpelo vážne zmeny, zvlášť v asymetrii, ktorú bolo treba upraviť postupne v rámci národnej banky a tvrdo v ekonómii zadlženosti. Vplyv plánu Bradyho. Od r. 1992 tento problém ustupuje a objavuje sa transferencia prostriedkov. Doteraz pretrváva riziko neplnenia niek...

Ausführliche Beschreibung

Gespeichert in:
Bibliographische Detailangaben
1. Verfasser: Ffrench-Davis, R.
Weitere Verfasser: Devlin, R.
Format: Buchkapitel
Sprache:Spanisch
Schlagworte:
Tags: Tag hinzufügen
Keine Tags, Fügen Sie das erste Tag hinzu!

MARC

LEADER 00000naa a2200000 4500
001 r013430
005 20221205075601.6
041 0 |a spa 
044 |a MX 
245 1 0 |a Diez aňos de crisis de la deuda latinoamericana  |c R. Ffrench-Davis, R. Devlin 
520 |a V priebehu rokov zadlženie krajín utrpelo vážne zmeny, zvlášť v asymetrii, ktorú bolo treba upraviť postupne v rámci národnej banky a tvrdo v ekonómii zadlženosti. Vplyv plánu Bradyho. Od r. 1992 tento problém ustupuje a objavuje sa transferencia prostriedkov. Doteraz pretrváva riziko neplnenia niektorých ekonómií LA. 
610 2 0 |a zadlženosť zahraničná 
610 2 0 |a Latinská Amerika 
610 2 0 |a Karibská oblasť 
610 2 0 |a 1973-1992 
610 2 0 |a údaje štatistické 
100 1 |a Ffrench-Davis, R. 
700 1 |a Devlin, R.